| 000 | 01399nam a22002657a 4500 | ||
|---|---|---|---|
| 001 | 3869 | ||
| 003 | FISKH | ||
| 005 | 20240521085854.0 | ||
| 008 | 240520b cb ||||| |||| 00| 0 eng d | ||
| 040 |
_aFISK _beng _cFISK _dFISK |
||
| 050 | _aPZ7.K23 | ||
| 082 | _a437 | ||
| 100 |
_aKeene Carolyn _d1905-2002 |
||
| 245 |
_aThe nutcracker ballet mystery / _cCarolyn Keene |
||
| 260 |
_aNew York : _bMinstrel Books, _c1992 |
||
| 300 |
_a154 pages : _c20 cm |
||
| 490 |
_aNancy drew _v110 number |
||
| 505 | _aM | ||
| 520 | _aAn evening of ballet leads Nancy into a dance with danger! Madame Dugrand's Dance Academy is in rehearsal for The Nutcracker Ballet, and it could be a huge hit this year. Shana Edwards, a recent graduate who has made a big splash in New York, is returning to River Heights to star in the show. But the closer the dancers get to showtime, the clearer it becomes that the stage is set for disaster. Someone is determined to bring the production down before the curtain goes up. Theft and arson threaten to darken the theater and doom the dance. And Nancy will have to conduct her investigation with extreme precision and agility: one false step, one wrong move, and The Nutcracker could come to a swift and bitter end. | ||
| 521 | 8 |
_a720 _bLexile estimates, |
|
| 521 | 8 |
_aM _bRaz-Plus |
|
| 700 | _aCarolyn Keene | ||
| 942 |
_2ddc _cBK _n0 |
||
| 999 |
_c3869 _d3869 |
||